| 000 | 00792nam a2200241Ia 4500 | ||
|---|---|---|---|
| 005 | 20250508164303.0 | ||
| 008 | 008 250505s9999 xx 000 0 eng d | ||
| 020 | _a1-4020-3656-6 | ||
| 037 | _aReference | ||
| 040 |
_aFEDL _beng _cFEDL |
||
| 041 |
_aeng _2eng |
||
| 084 |
_a378, NIN _qFEDL |
||
| 100 |
_aNinnes Peter Ed. _9667117 |
||
| 245 | 0 | _aInternationalizing higher education: Critical explorations of pedagogy and policy | |
| 260 |
_aNetherlands _bNetherlands Springer Germany _c2005 |
||
| 300 | _aviii,230p | ||
| 365 |
_aEURO _b89.95 |
||
| 490 | _aCERC studies in comparative education 16 | ||
| 650 |
_aHigher education; Pedagogy and policy - Education _9777834 |
||
| 700 |
_a Hellsten Meeri Ed. _9777835 |
||
| 942 |
_cREF _h378, NIN |
||
| 999 |
_c1388140 _d1388140 |
||